IC (Record no. 114867)

MARC details
000 -LEADER
fixed length control field 01722cam a22002655a 4500
001 - CONTROL NUMBER
control field L157605
008 - FIXED-LENGTH DATA ELEMENTS--GENERAL INFORMATION
fixed length control field 100709s2007 xxk 000 0 eng u
020 ## - INTERNATIONAL STANDARD BOOK NUMBER
International Standard Book Number 9780414040106
035 ## - SYSTEM CONTROL NUMBER
System control number (Sirsi) u157605
041 0# - LANGUAGE CODE
Language code of text/sound track or separate title eng
050 04 - LIBRARY OF CONGRESS CALL NUMBER
Classification number 692.8 $2 18
110 2# - MAIN ENTRY--CORPORATE NAME
Corporate name or jurisdiction name as entry element Joint Contracts Tribunal
9 (RLIN) 3664
240 00 - UNIFORM TITLE
Uniform title IC
245 00 - TITLE STATEMENT
Title IC
Remainder of title intermediate building contract 2005, revision 2 2009
260 ## - PUBLICATION, DISTRIBUTION, ETC.
Place of publication, distribution, etc. London
Name of publisher, distributor, etc. Sweet and Maxwell
Date of publication, distribution, etc. 2009
300 ## - PHYSICAL DESCRIPTION
Extent iv, 86p.
Dimensions 30cm.
490 ## - SERIES STATEMENT
Series statement JCT Intermediate Building Contract (2005 Edition)
520 ## - SUMMARY, ETC.
Summary, etc. Agreement for simple building works without complex building service installations or other specialist work. The contract can be used where fairly detailed contact provisions are necessary and the employer is to provide the contractor with drawings and bills of quantities, a specification or work schedules defining the quantity and quality of the work and where there is an architect/contract administrator and quantity surveyor to administer the conditions. It is suitable for projects which are to be carried out in sections, for private and local authority employers and where provisions are required to cover named specialists. If the contractor is to design discrete parts of the works the JCT Intermediate Building Contract With Contractor's Design (2005 Edition) should be used.
520 ## - SUMMARY, ETC.
Summary, etc. Incorporates Amendment 1, April 2007. Reprinted April 2008 incorporating Attestation Update. Revision 2, June 2009
650 24 - SUBJECT ADDED ENTRY--TOPICAL TERM
Topical term or geographic name entry element JCT INTERMEDIATE BUILDING CONTRACT (2005 EDITION)
651 #4 - SUBJECT ADDED ENTRY--GEOGRAPHIC NAME
Geographic name United Kingdom
Chronological subdivision
690 ## - LOCAL SUBJECT ADDED ENTRY--TOPICAL TERM (OCLC, RLIN)
Topical term or geographic name as entry element BUILT ENVIRONMENT-BUILDING CONTRACT FORMS-STANDARD FORMS OF BUILDING CONTRACT-JOINT CONTRACTS TRIBUNAL CONTRACTS
942 ## - ADDED ENTRY ELEMENTS (KOHA)
Suppress in OPAC 0
Holdings
Withdrawn status Lost status Source of classification or shelving scheme Damaged status Not for loan Home library Current library Shelving location Date acquired Total Checkouts Full call number Barcode Date last seen Copy number Price effective from Koha item type
    Dewey Decimal Classification     London London Books 30/01/2013   JCT 2009/4 30075094 06/08/2019 1 06/08/2019 Book